বাংলা গল্প সংকলন / (Record no. 44811)
[ view plain ]
| 000 -LEADER | |
|---|---|
| fixed length control field | 00857nam a2200241 a 4500 |
| 001 - CONTROL NUMBER | |
| control field | 44811 |
| 003 - CONTROL NUMBER IDENTIFIER | |
| rucl marc code | BD-RjUL |
| 005 - DATE AND TIME OF LATEST TRANSACTION | |
| control field | 20211209053924.0 |
| 008 - FIXED-LENGTH DATA ELEMENTS--GENERAL INFORMATION | |
| fixed length control field | 160720s1976 bg ||||| |||| 00| f ben d |
| 020 ## - INTERNATIONAL STANDARD BOOK NUMBER | |
| Terms of availability | : Tk. 18.00 |
| 035 ## - SYSTEM CONTROL NUMBER | |
| System control number | (BD-RjUL)44929 |
| 040 ## - CATALOGING SOURCE | |
| Original cataloging agency | BD-RjUL |
| Language of cataloging | ben |
| Transcribing agency | BD-RjUL |
| 041 ## - LANGUAGE CODE | |
| Language code of text/sound track or separate title | ben |
| 082 ## - DEWEY DECIMAL CLASSIFICATION NUMBER | |
| Edition number | 23 |
| Classification number | 891.443 |
| Author mark and year | BAN 1976 |
| 245 00 - TITLE STATEMENT | |
| Title | বাংলা গল্প সংকলন / |
| Statement of responsibility, etc. | বাংলা গবেষণা সংসদ |
| 250 ## - EDITION STATEMENT | |
| Edition statement | ১ম সং. |
| 260 ## - PUBLICATION, DISTRIBUTION, ETC. (IMPRINT) | |
| Place of publication, distribution, etc. | ঢাকা : |
| Name of publisher, distributor, etc. | বাংলাদেশ বুক করপোরেশন, |
| Date of publication, distribution, etc. | ১৯৭৬ (১৩৮৩) |
| 300 ## - PHYSICAL DESCRIPTION | |
| Pagination | [৬], ২৯৬ পৃ. |
| Size | ২২ সেমি. |
| 650 ## - SUBJECT ADDED ENTRY--TOPICAL TERM | |
| Topical term or geographic name as entry element | বাংলা উপন্যাস |
| 9 (RLIN) | 137357 |
| Topical term or geographic name as entry element | Bengali Fiction |
| 9 (RLIN) | 137358 |
| 710 ## - ADDED ENTRY--CORPORATE NAME | |
| Corporate name or jurisdiction name as entry element | বাংলা গবেষণা সংসদ |
| 9 (RLIN) | 137356 |
| 942 ## - ADDED ENTRY ELEMENTS (KOHA) | |
| Source of classification or shelving scheme | Dewey Decimal Classification |
| Koha item type | Books |
| Lost status | Source of classification or shelving scheme | Damaged status | Not for loan | Collection code | Permanent Location | Current Location | Shelving location | Date acquired | Source of acquisition | Cost, normal purchase price | Total Checkouts | Full call number | Date last seen | Copy number | Koha item type |
|---|---|---|---|---|---|---|---|---|---|---|---|---|---|---|---|
| Dewey Decimal Classification | Fiction | Central Library, University of Rajshahi | Central Library, University of Rajshahi | 04/03/1977 | Bangladesh book corporation | 18.00 | B 891.443 BAN 1976 | 20/07/2016 | C-2 | Books | |||||
| Dewey Decimal Classification | Fiction | Central Library, University of Rajshahi | Central Library, University of Rajshahi | 04/03/1977 | Bangladesh book corporation | 18.00 | B 891.443 BAN 1976 | 20/08/2016 | C-3 | Books | |||||
| Dewey Decimal Classification | Fiction | Central Library, University of Rajshahi | Central Library, University of Rajshahi | 04/03/1977 | Bangladesh book corporation | 18.00 | B 891.443 BAN 1976 | 20/08/2016 | C-4 | Books | |||||
| Dewey Decimal Classification | Central Library, University of Rajshahi | Central Library, University of Rajshahi | 04/03/1977 | Bangladesh Book corp. | 18.00 | B 891.443 BAN 1976 | 03/10/2016 | C-5 | Books | ||||||
| Dewey Decimal Classification | Not For Loan | Fiction | Central Library, University of Rajshahi | Central Library, University of Rajshahi | Reading Room | 19/05/1990 | Chairman, Dept. of Bengali | 50.00 | B 891.443 BAN 1976 | 21/12/2017 | C-1 | Books | |||
| Dewey Decimal Classification | Fiction | Central Library, University of Rajshahi | Central Library, University of Rajshahi | 04/03/1977 | Bangladesh book corporation | 18.00 | B 891.443 BAN 1976 | 05/03/2018 | C-6 | Books |